Countries With the Letter J in the Name - Statistics

General Stats
  • This quiz has been taken 68 times
  • The average score is 5 of 7
Answer Stats
Country % Correct
Japan
95%
Jamaica
93%
Jordan
89%
Azerbaijan
70%
Tajikistan
61%
Djibouti
55%
Fiji
43%
No matching quizzes found
Score Distribution
Percent of People with Each Score
Percentile by Number Answered
Your Score History
You have not taken this quiz